Capitals of countries starting with B - Statistics

General Stats
  • This quiz has been taken 39 times
  • The average score is 13 of 17
Answer Stats
Hint Answer % Correct
Brazil Brasilia
97%
Belgium Brussels
97%
Belarus Minsk
97%
Bolivia La Paz/Sucre
92%
Bahamas Nassau
92%
Bulgaria Sofia
92%
Bosnia and Herzegovina Sarajevo
89%
Bangladesh Dhaka
81%
Barbados Bridgetown
76%
Belize Belmopan
73%
Bahrain Manama
70%
Burkina Faso Ouagadougou
65%
Bhutan Thimphu
65%
Botswana Gaborone
62%
Brunei Bandar Seri Begawan
59%
Benin Porto Novo
49%
Burundi Gitega
46%
No matching quizzes found
Score Distribution
Percent of People with Each Score
Percentile by Number Answered
Your Score History
You have not taken this quiz